African Airports Map Quiz - Statistics

General Stats
  • This quiz has been taken 42 times
  • The average score is 13 of 20
Answers on the Map
Answers color-coded by a green-red scale on the quiz's map according to % correct below.
 
Answer Stats
Answer % Correct
Tunis-Carthage
94%
Cairo
91%
Cape Town
91%
Marrakesh Menara
89%
Gran Canaria
77%
Jomo Kenyatta
74%
O. R. Tambo
71%
Tenerife North–Ciudad de La Laguna
71%
Tenerife South–Reina Sofía
69%
Fuerteventura
66%
King Shaka
66%
Mohammed V
66%
Sharm El Sheikh
66%
Julius Nyerere
63%
Hurghada
60%
Houari Boumediene
57%
Sir Seewoosagur Ramgoolam
54%
Murtala Muhammed
40%
Bole
37%
Nnamdi Azikiwe
34%
No matching quizzes found
Score Distribution
Percent of People with Each Score
Percentile by Number Answered
Your Score History
You have not taken this quiz